| 000 | 00853nam a2200217Ia 4500 | ||
|---|---|---|---|
| 999 |
_c39926 _d39926 |
||
| 001 | 6531 | ||
| 003 | GE_BSU | ||
| 005 | 20191018162639.0 | ||
| 008 | 181216s1933||||ge |||||||||||||| ||geo|| | ||
| 040 | _cGE_BSU | ||
| 041 | _ageo | ||
| 080 | _a821.353.1-1 ბ-78 | ||
| 100 |
_aბობოხიძე, კალე _94852 |
||
| 245 |
_aრჩეული ლექსები / _cკალე ბობოხიძე ; გამომშვ. ი. მჭედლიშვილი. |
||
| 250 | _aპოლიგრაფსკოლის სტ. | ||
| 264 |
_aტფილისი : _bფედერაცია ; _c1933. |
||
| 300 |
_a184 გვ. : _bილ. ; _c13 სმ. |
||
| 653 | _aრჩეული ლექსები | ||
| 700 |
_aმჭედლიშვილი, ი. _eგამომშვები _94853 |
||
| 942 |
_cBK _2udc |
||